Statistics for Top 15 Celebrities Born In 1999

Click here to take the quiz!

General Stats

  • This quiz has been taken 93 times
    (72 since last reset)
  • The average score is 5 of 13

Answer Stats

Answer% Correct
Lil Nas X
90%
James Charles
68%
Dream
60%
Cameron Boyce
57%
Madison Beer
52%
Sabrina Carpenter
48%
Belle Delphine
35%
Bryce Hall
30%
Karl Jacobs
27%
Lucas Dobre
18%
Marcus Dobre
18%
Tony Lopez
17%
BenOfTheWeek
10%

Score Distribution

Percentile by Number Answered

Percent of People with Each Score

Your Score History

You have not taken this quiz since the last reset